ARRUPE JESUIT UNIVERSITY

CORONAVIRUS -STOP THE SPREAD - CLEAN,DISINFECT,COVER
Normal view MARC view

Entry Uniform Title

Number of records used in: 1

001 - CONTROL NUMBER

  • control field: 1927

003 - CONTROL NUMBER IDENTIFIER

  • control field: ARRUPE

005 - DATE AND TIME OF LATEST TRANSACTION

  • control field: 20131001162411.0

008 - FIXED-LENGTH DATA ELEMENTS

  • fixed length control field: 131001|| aca||aabn | a|a d

040 ## - CATALOGING SOURCE

  • Original cataloging agency: ARRUPE
  • Transcribing agency: ARRUPE

130 ## - HEADING--UNIFORM TITLE

  • Uniform title: Bible O.T.
  • Name of part/section of a work: Apocrypha.
  • Name of part/section of a work: Maccabees, 1st
  • General subdivision: Criticism, interpretation, etc.

670 ## - SOURCE DATA FOUND

  • Source citation: Work cat.: (ARRUPE)0: Harrington, Daniel J. 1926, The Maccabean revolt :, 1988.

 

Arrupe Library. PO Box MP320 Mt Pleasant, Harare, Zimbabwe
263 242 745411|librarian@aju.ac.zw